000 00315nam a22001337a 4500
008 171006b xxu||||| |||| 00| 0 eng d
020 _a9780840053183
041 _aeng
080 _29TH
_a159.9
100 _a49
101 _aPSI
245 _aHUMAN HEREDITY PRINCIPLES AND ISSUES
_cCUMMINGS,M.R
942 _2udc
_cBK
999 _c32150
_d32150